000 00938nam a22002777a 4500
001 9451
003 FISKH
005 20260109104532.0
008 260109b cb ||||| |||| 00| 0 eng d
020 _a9780064408271
040 _aFISKH
_beng
_cFISKH
_dFISKH
050 _aPZ7.S6277 A
082 _a813.54
100 _aSkinner, Daphne
_eAuthor
245 _aThe adventures of Stuart little /
_cBased on the screenplay by Gregory J. Brooker and M. Night Shyamalan
260 _aNew York :
_bHarper Trophy ,
_c1999
300 _a64 pages :
_bpictures ;
_c20 cm
505 _aJ
520 _aAdopted by a human family, a mouse finally wins over his new brother, but the family's cat and his friends want to get rid of Stuart forever.
521 8 _a500
_bLexile estimate
521 8 _aJ
_bRaz-Plus
650 _aAnimal stories
_vAdventure
650 _aAnimals fantasy
_vA human family
942 _2ddc
_cBK
_n0
999 _c9451
_d9451